Riadenie nákladov v obchodnom podniku bakalárska práca

Guardado en:
Detalles Bibliográficos
Autor principal: Gajdošovciová, Katarína
Autor Corporativo: Podnikovohospodárska fakulta EU so sídlom v Košiciach. Katedra účtovníctva a financií
Otros Autores: Lajoš, Branislav
Formato: Libro
Lenguaje:eslovaco
Publicado: Košice 2010
Etiquetas: Agregar Etiqueta
Sin Etiquetas, Sea el primero en etiquetar este registro!

MARC

LEADER 00000nbm a2200000 4500
001 0132658
005 20161109111434.0
041 0 |a slo 
044 |a SK 
245 1 0 |a Riadenie nákladov v obchodnom podniku  |b bakalárska práca  |c Katarína Gajdošovciová ; školiteľ: Branislav Lajoš 
264 1 |a Košice  |c 2010 
300 |a 47 s. 
100 1 |a Gajdošovciová, Katarína 
700 1 |a Lajoš, Branislav 
710 2 |a Podnikovohospodárska fakulta EU so sídlom v Košiciach. Katedra účtovníctva a financií